فلسطين : (Record no. 24867)
[ view plain ]
| 000 -الفاتح | |
|---|---|
| حقل البيانات ثابتة الطول | 01491nam a2200361 i 4500 |
| 003 - محدد رقم الضبط | |
| رقم الضبط | EG-ScBUE |
| 005 - وقت وتاريخ اخر تعامل مع التسجيلة | |
| رقم الضبط | 20240102135745.0 |
| 008 - عناصر البيانات ثابتة الطول - معلومات عامة | |
| حقل البيانات ثابتة الطول | 170517s2007 su b f 000 00 ara d |
| 017 ## - رقم الإيداع القانونى | |
| رقم الإيداع القانونى | 1428 / 1461 |
| 020 ## - الرقم الدولى المعيارى للكتب | |
| الرقم الدولى المعيارى للكتاب | 9960542211 |
| 040 ## - مصدر الفهرسة | |
| وكالة الفهرسة الأصلية | EG-ScBUE |
| لغة الفهرسة | ara |
| قواعد الوصف | rda |
| وكالة النسخ | EG-ScBUE |
| وكالة التعديل | EG-ScBUE |
| 041 1# - رمز اللغة | |
| رمز لغة النص/ المسارات الصوتية أو العنوان الانفرادي | ara |
| رمز لغة الترجمات و/او الاصلية المتوسطة للنص | eng |
| 043 ## - رمز المنطقة الجغرافية | |
| رمز المنطقة الجغرافية | a-is--- |
| -- | aw----- |
| 082 04 - رقم تصنيف ديوى العشرى | |
| رقم التصنيف | 956.04 |
| رقم المادة | ك ا ر |
| رقم الطبعة | 22 |
| 100 1# - المدخل الرئيسى - إسم شخصى | |
| الإسم الشخصى | كارتر، جيمي، |
| التواريخ المصاحبة للاسم | 1924- |
| الدور | مؤلف. |
| 240 10 - العنوان الموحد | |
| عنوان موحد | Palestine peace not apartheid. |
| لغة العمل | Arabic. |
| 245 12 - بيان العنوان | |
| العنوان | فلسطين : |
| بقية العنوان | السلام لا التمييز العنصري / |
| بيان المسئوليه,etc | تأليف جيمي كارتر ؛ نقلة إلى العربية محمد محمود التوبة. |
| 250 ## - بيان الطبعة | |
| بيان الطبعة | الطبعة العربية الأولى. |
| 264 #1 - النشر، التوزيع | |
| مكان الناشر او الموزع | الرياض : |
| اسم الناشر او الموزع | العبيكان للنشر، |
| تاريخ النشر أو التوزيع | 2007. |
| 300 ## - الوصف المادى | |
| التعداد | 214 صفحة : |
| تفاصيل ماديه اخرى للوعاء | خرائط ؛ |
| أبعاد الوعاء | 24 سم |
| 336 ## - نوع المحتوى | |
| source | rdacontent |
| Carrier Type Term | نص |
| Content Type Code | txt |
| 337 ## - نوع الوسيط | |
| Media Type Term | بدون وسيط |
| source | rdamedia |
| Media Type Code | n |
| 338 ## - نوع الحامل أو الناقل | |
| Carrier Type Term | مجلد |
| Carrier Type Code | nc |
| source | rdacarrier |
| 500 ## - تبصرة عامة | |
| تبصرة عامة | يشتمل على ملاحق. |
| 546 ## - تبصرة اللغة | |
| تبصرة اللغة | النص باللغة العربية ؛ مترجم من اللغة الإنجليزية. |
| 650 #7 - المدخل الاضافى بالموضوع-مصطلح موضوعى | |
| مصدر الرأس أو المصطلح | BUEsh |
| مصطلح موضوعي أو اسم جغرافي كعنصر مدخل | السلام العالمي. |
| 9 (RLIN) | 16325 |
| 650 #7 - المدخل الاضافى بالموضوع-مصطلح موضوعى | |
| مصدر الرأس أو المصطلح | BUEsh |
| مصطلح موضوعي أو اسم جغرافي كعنصر مدخل | النزاع العربي الإسرائيلي. |
| 9 (RLIN) | 13399 |
| 651 #7 - المدخل الاضافى بالموضوع - اسم جغرافى | |
| مصدر الرأس أو المصطلح | BUEsh |
| الاسم الجغرافي | فلسطين |
| التقسيم الفرعي العام | تاريخ |
| التقسيم الفرعي الزمني | الاحتلال الإسرائيلي، 1948- |
| 653 ## - مصطلح تكشيفى غير مقيد | |
| Resource For college | Generalities |
| Arrived date list | May2017 |
| 655 ## - مصطلح تكشيفى-نوع/شكل | |
| التقسيم الفرعي الشكلي | Reading book |
| 700 1# - المدخل الاضافى - اسم شخصى | |
| الإسم الشخصى | توبة، محمد محمود، |
| الدور | مترجم. |
| 942 ## - عناصر المدخل الإضافي( كوها) | |
| مصدر التصنيف او مخطط الترفيف | Dewey Decimal Classification |
| حالة التراجع | حالة الفقد | مصدر التصنيف او خطة الترفيف | حالة تلف | ليس للاعارة | مجموعات كوها | المكان الدائم | المكان الحالي | موقع الترفيف | تاريخ الاكتساب | Source of acquisition | سعر الشراء الطبيعي | تعداد مسلسل / التسلسل الزمني | رقم الاستدعاء | الباركود | Date last seen | التكلفة | نوع الوعاء |
|---|---|---|---|---|---|---|---|---|---|---|---|---|---|---|---|---|---|
| Dewey Decimal Classification | العبيكان | Central Library | Central Library | Second Floor | 23/05/2017 | Purchase | 86.00 | 175535 | 956.04 ك ا ر | 000041879 | 15/07/2025 | 108.00 | Book - Borrowing |